Barcelona en rodalies : rutes turístiques amb tren per la província de Barcelona / José Alarcón, Diego Fuentes rutes turístiques amb tren per la província de Barcelona / José Alarcón, Diego Fuentes
Descripción Física:
181 p. : il., col., fot. ; 22 cm
Otros Autores:
Fuentes, Diego
MARC
| LEADER | 00000nam a2200000Ia 4500 | ||
|---|---|---|---|
| 001 | 16801 | ||
| 003 | BGR | ||
| 005 | 20260324175347.0 | ||
| 008 | 160829s9999 xx 000 0 cat d | ||
| 080 | |a H-2-290 | ||
| 100 | |a Alarcón, José |9 29082 | ||
| 245 | |a Barcelona en rodalies : |b rutes turístiques amb tren per la província de Barcelona / José Alarcón, Diego Fuentes | ||
| 260 | |a [Barcelona] : |b Amásafe 2000, s.l ; Rodalies Renfe ; Diputació de Barcelona, DL 2004 | ||
| 300 | |a 181 p. : |b il., col., fot. ; |c 22 cm | ||
| 590 | |a Índex de rutes. | ||
| 590 | |a Conté directori d'Oficines de Turisme i d'Espais Naturals. | ||
| 590 | |a Inclou mapa de la Província de Barcelona amb les principals rutes turístiques de tren. A la contraportada: Rodalies Renfe, Diputació de Barcelona, Xarxa de Municipis, Turisme Total | ||
| 650 | |a Viatges en tren |x Barcelona (Província) |9 29083 | ||
| 650 | |a Rutes turístiques |x Barcelona (Província) |x Guies |9 29084 | ||
| 700 | |a Fuentes, Diego |9 29085 | ||
| 710 | 1 | |a Barcelona (Catalunya : Província). |b Diputació |9 52408 | |
| 710 | 2 | |a Amásefe 2000 |9 70291 | |
| 710 | |a RENFE |9 18757 | ||
| 901 | |a Arxiu | ||
| 942 | |n 1 |2 udc |c MON | ||
| 952 | |0 0 |1 0 |4 0 |6 H2290 |7 1 |9 45039 |a Arxiu |b Arxiu |d 2016-12-01 |l 0 |o H-2-290 |p 16801 |r 2016-12-01 00:00:00 |w 2016-12-01 |y ARXIU | ||
| 999 | |c 47659 |d 47659 | ||